01367cam a2200265 a 4500001000500000005001700005020001500022040001800037050002100055082001400076100001700090245014500107250004400252260003400296300005600330505000600386520055300392521001800945521001800963650001200981650001100993650001901004700003301023700004501056174920250826085634.0 a0689823215 aDLCcDLCdDLC00aPZ7.Y78bRm 200300a[Fic]2211 aYolen, Jane.10aRoanoke :bthe lost colony : an unsolved mystery from history /cby Jane Yolen and Heidi Elisabet Yolen Stemple ; illustrated by Roger Roth. aFirst Scholastic printing, January 2007 aNew York :bScholastic,c2003 a34 unnumbered pages :bcolor illustrations ;c27 cm aO aIn this spine-tingling book from the nonfiction An Unsolved Mystery from History picture book series, journey to colonial America and discover the enduring mystery of the missing Roanoke Colony. In 1587 John White was chosen by Sir Walter Raleigh to lead a new colony at Roanoke off the Atlantic coast. After bringing many men, women, and children to the new land, White went back to England to gather supplies for the long winter. But when he finally returned to the fort almost three years later, he found that all of the colonists had vanished.  a850 bLexile aO bRaz-Plus aRoanoke aColony aNorth Carolina1 aStemple, Heidi E. Y.cauthor1 aRoth, Rogerq(Roger Almon),eillustrator